000 00585cam a22001932 4500
001 0000008696
005 20151217152039.0
008 080514s xx 000 0 eng d
020 _a0875522432 :
_cKES 950
040 _aKABU
_cKABU
100 1 _aFrame, John M.
_@0000159380
245 1 0 _aApologetics to the glory of God :
_ban introduction /
_cJohn M. Frame.
260 _aPhillipsburg, NJ. :
_bP & R,
_c1994.
300 _axiii, 265 p.
650 0 _aApologetics
_y20th century.
_@0000148816
908 _a080514
950 _@1
999 _c7696
_d7696